Vplyv psychológia presviedčania

Salvato in:
Dettagli Bibliografici
Autore principale: Cialdini, Robert B.
Natura: Libro
Lingua:slovacco
Pubblicazione: Bratislava Eastone Books 2021
Edizione:doplnené a rozšírené vydanie
Tags: Aggiungi Tag
Nessun Tag, puoi essere il primo ad aggiungerne!!

MARC

LEADER 00000nam a2200000 4500
001 0304987
005 20241218141516.0
020 |a 978-80-8109-426-2 
041 0 |a slo 
044 |a SK 
245 1 0 |a Vplyv  |b psychológia presviedčania  |c Robert B. Cialdini 
250 |a doplnené a rozšírené vydanie 
264 1 |a Bratislava  |b Eastone Books  |c 2021 
300 |a [480 s.] 
100 1 |a Cialdini, Robert B.